Fiškálna integrácia v podmienkach Európskej únie

Optimálna menová oblasť a Európska únia. Začiatky fiškálnych pravidiel v eurozóne. Politický kompromis vo fiškálnej politike. Navrhovaná podoba fiškálnej únie.

Salvato in:
Dettagli Bibliografici
Autore principale: Burian, Lukáš
Natura: Capitolo di libro
Lingua:slovacco
Soggetti:
Tags: Aggiungi Tag
Nessun Tag, puoi essere il primo ad aggiungerne!!

MARC

LEADER 00000naa$a2200000$$$4500
001 0254585
005 20240712115953.7
041 0 |a slo 
044 |a SK 
245 1 0 |a Fiškálna integrácia v podmienkach Európskej únie  |c Lukáš Burian 
520 |a Optimálna menová oblasť a Európska únia. Začiatky fiškálnych pravidiel v eurozóne. Politický kompromis vo fiškálnej politike. Navrhovaná podoba fiškálnej únie. 
610 2 0 |a politika fiškálna 
610 2 0 |a rozpočty 
610 2 0 |a šoky hospodárske 
610 2 0 |a Európska únia 
610 2 0 |a eurozóna 
610 2 0 |a decentralizácia fiškálna 
610 2 0 |a integrácia 
100 1 |a Burian, Lukáš